Statistics for Miami Dolphins Offensive Starters

Click here to take the quiz!

General Stats

  • This quiz has been taken 109 times
    (28 since last reset)
  • The average score is 33 of 70

Answer Stats

Year QB RB WR1 WR2 TE % Correct
2015Ryan Tannehill
100%
2013Ryan Tannehill
100%
2014Ryan Tannehill
100%
2016Ryan Tannehillaaaa
100%
2012Ryan Tannehill
100%
Kenyan Drakeaaaa
100%
Kenyan Drakeaaaa
100%
Devante Parkeraaaa
100%
2018Ryan Tannehillaaaa
100%
Kenny Stillsaaaa
96%
Kenny Stills
96%
Kenny Stillsaaaa
96%
Kenny Stillsaaaa
96%
Jarvis Landry
88%
Jarvis Landry
88%
Jarvis Landryaaaa
88%
2017Jay Cutleraaaa
88%
Jarvis Landryaaaa
88%
Jay Ajayiaaaa
83%
Lamar Miller
75%
Lamar Miller
75%
Lamar Miller
75%
2011Matt Moore
67%
Mike Gesickiaaaa
63%
Ricky Williams
46%
Ronnie Brown
42%
Ronnie Brown
42%
Ronnie Brown
42%
Ronnie Brown
42%
2009Chad Henne
42%
Ronnie Brown
42%
2010Chad Henne
42%
Ronnie Brown
42%
2008Chad Pennington
42%
Brian Hartline
38%
Brandon Marshall
38%
Julius Thomasaaaa
38%
Mike Wallace
38%
Brian Hartline
38%
Brian Hartline
38%
Mike Wallace
38%
Brian Hartline
38%
Brandon Marshall
38%
Jordan Cameron
33%
Charles Clay
33%
Jordan Cameronaaaa
33%
Charles Clay
33%
Anthony Fasano
29%
Anthony Fasano
29%
Anthony Fasano
29%
Anthony Fasano
29%
Reggie Bush
25%
Reggie Bush
25%
Davone Bess
13%
Ted Ginn Jr.
13%
Ted Ginn Jr.
13%
Ted Ginn Jr.
13%
Davone Bess
13%
Davone Bess
13%
Chris Chambers
8%
Chris Chambers
8%
2005Gus Frerotte
4%
Marty Booker
4%
2006Joey Harrington
4%
2007Cleo Lemon
4%
Marty Booker
4%
David Martin
4%
Marty Booker
4%
Lorenzo Diamond
0%
Randy McMichael
0%

Score Distribution

Percentile by Number Answered

Percent of People with Each Score

Your Score History

You have not taken this quiz since the last reset